000 00585nam a2200229Ia 4500
003 OSt
005 20220924152256.0
006 a|||||r|||| 00| 0
007 ta
008 220923b |||||||| |||| 00| 0 mar d
024 _a341770
037 _cTextual
040 _aARTS
_cARTS
_bmar
041 _2mar
_amar
082 _aO155,3NKUL,14, K2
100 _aKulkarni G.A.
_9225727
245 0 _aHirvey Ravey
260 _c1962
650 _aMARATHI LITERATURE
_938000
942 _hO155,3NKUL,14, K2
_cTEXL
_2CC
999 _c469314
_d469314